Seguridad laboral y accidentes del trabajo
Uloženo v:
| Hlavní autor: | |
|---|---|
| Médium: | Kniha |
| Jazyk: | španělština |
| Vydáno: |
Santiago, Chile
Jurídica ConoSur
2001
|
| Témata: | |
| Tagy: |
Přidat tag
Žádné tagy, Buďte první, kdo vytvoří štítek k tomuto záznamu!
|
MARC
| LEADER | 00000nam a2200000 a 4500 | ||
|---|---|---|---|
| 001 | UCN9198 | ||
| 003 | CL-VaPUC | ||
| 005 | 20240830115036.0 | ||
| 008 | 011130e20010800CL |||||||||||||||||spa|d | ||
| 999 | |c 298720 |d 298718 | ||
| 040 | |c Pontificia Universidad Católica de Valparaíso | ||
| 082 | 0 | 4 | |a 344.012596 CUR 2001 |2 21 |
| 100 | 0 | |a Currieco Guerrero, Francisco J |e autor |9 465701 | |
| 245 | 1 | 0 | |a Seguridad laboral y accidentes del trabajo |
| 260 | 0 | 3 | |a Santiago, Chile |b Jurídica ConoSur |c 2001 |
| 300 | |a 302 páginas | ||
| 583 | |a last modification |c 20011130 00:00:00 |k Rodrigo Vera | ||
| 650 | 0 | |a Trabajo |9 313876 | |
| 650 | 0 | |a Accidentes de trabajo |9 254901 | |
| 650 | 0 | |a Seguridad laboral |9 462968 | |
| 650 | 7 | |a DERECHO LABORAL |2 CL-VaPUC |9 15 | |
| 650 | 0 | |a Prevención de accidentes |9 262912 | |
| 942 | |c BK |2 ddc | ||
| 945 | |d 20011130 00:00:00 |a vberengu | ||
| 952 | |0 0 |1 0 |2 ddc |4 0 |6 344_012596000000000_CUR_2001 |7 0 |8 A |9 354563 |a BIBDER |b BIBDER |d 2019-11-21 |i 377970K |o 344.012596 CUR 2001 |p 377970K |r 2023-01-25 |t 1 |w 2019-11-21 |y BK |k DER | ||